000 00216nam a2200085 4500
001 1254661
005 20251120104704.0
245 _aMACERA GEÇİDİ KIYAMET YILDIZI
_cTUNCEL ALTINKÖPRÜ
260 _bGENÇ HAYAT YAYINLARI
999 _c1254661
_d1254661